प्रशस्तपाद - भाष्य : (Record no. 119905)

MARC details
000 -LEADER
fixed length control field 01455nam a22002657a 4500
005 - DATE AND TIME OF LATEST TRANSACTION
control field 20170124103150.0
010 ## - LIBRARY OF CONGRESS CONTROL NUMBER
LC control number A-284496
020 ## - INTERNATIONAL STANDARD BOOK NUMBER
Terms of availability 60.00
035 ## - SYSTEM CONTROL NUMBER
System control number A-284496
037 ## - SOURCE OF ACQUISITION
Source of stock number/acquisition Cen Lib/Ret
040 ## - CATALOGING SOURCE
Original cataloging agency DPL
Language of cataloging HN
082 ## - DEWEY DECIMAL CLASSIFICATION NUMBER
Classification number 181.42
Item number प्रशस्त
100 ## - MAIN ENTRY--PERSONAL NAME
Personal name प्रशस्तपादाचार्य
9 (RLIN) 87550
245 ## - TITLE STATEMENT
Title प्रशस्तपाद - भाष्य :
Statement of responsibility, etc प्रशस्तपादाचार्य ; संपादक श्री निवास शास्त्री
Remainder of title समीक्षात्मक भूमिका ,हिंदी अनुवाद तथा टिपण्णी सहित /
246 ## - VARYING FORM OF TITLE
Title proper/short title Prashtpad - bhasya : samikshatmak bhumika , hindi anuvad tatha tippani sahit
Remainder of title by Prashtpaadacharya ; sampadak Shree Nivas Shatri
260 ## - PUBLICATION, DISTRIBUTION, ETC. (IMPRINT)
Place of publication, distribution, etc गाज़ियाबाद
Name of publisher, distributor, etc इंडो विजन प्रकाशन
Date of publication, distribution, etc 1984
270 ## - ADDRESS
Address II,ए -220, नेहरु नगर
City गाज़ियाबाद
300 ## - PHYSICAL DESCRIPTION
Extent 323पृष्ठ.
Dimensions 20सेमी(सजिल्द)
650 ## - SUBJECT ADDED ENTRY--TOPICAL TERM
Topical term or geographic name as entry element वैशेषिक दर्शन
9 (RLIN) 87551
650 ## - SUBJECT ADDED ENTRY--TOPICAL TERM
Topical term or geographic name as entry element वैशेषिक दर्शन का उदभव
9 (RLIN) 86961
650 ## - SUBJECT ADDED ENTRY--TOPICAL TERM
Topical term or geographic name as entry element Vaisheshika
9 (RLIN) 87552
650 ## - SUBJECT ADDED ENTRY--TOPICAL TERM
Topical term or geographic name as entry element The origin of vaisheshika
9 (RLIN) 87553
700 ## - ADDED ENTRY--PERSONAL NAME
Personal name शास्त्री, श्री निवास
9 (RLIN) 52576
942 ## - ADDED ENTRY ELEMENTS (KOHA)
Source of classification or shelving scheme Dewey Decimal Classification
Koha item type Hindi Books
Classification part 181.42
Call number suffix प्रशस्त
Holdings
Withdrawn status Lost status Damaged status Not for loan Home library Current library Date acquired Source of acquisition Cost, normal purchase price Total Checkouts Full call number Barcode Date last seen Copy number Cost, replacement price Price effective from Koha item type
        Central Library Central Library 19/09/2015 Cen Lib/Ret 60.00   181.42 प्रशस्त A-284496 19/09/2015 1 60.00 19/09/2015 Hindi Books

© Delhi Public Library
Hit Counter
free hit counter